| 000 | 01773nam0a2200325 4500 | ||
|---|---|---|---|
| 001 | RU\NLR\bibl\196436 | ||
| 005 | 20250619091527.0 | ||
| 010 |
_a5-696-01515-8 _9100 |
||
| 021 |
_aRU _b2000-50245 _92316 |
||
| 035 | _a(NLR Aleph) 000192890 | ||
| 090 |
_a1116005 _c1116005 |
||
| 100 | _a20011025d2000 |||y0rusy50 ca | ||
| 101 | 0 | _arus | |
| 102 | _aRU | ||
| 105 | _aa ||||||||| | ||
| 200 | 1 |
_aСтрахование строительно-монтажных рисков _eУчеб. пособие для студентов экон. и строит. спец. _fГабрин К.Э., Воложанин В.В., Мельчаков А.П. _gМ-во образовния Рос. Федерации, Юж.-Ур. гос. ун-т. Каф. "Экономика и инвестиции" |
|
| 210 |
_aЧелябинск _cИзд-во ЮУрГУ _d2000 |
||
| 215 |
_a115 с. _cил. _d21 |
||
| 320 | _aБиблиогр.: с.113 (15 назв.) | ||
| 606 | 0 |
_aКапитальное строительство _jРуководства, пособия и т.п. для высшей школы _xРиски _xСтрахование _92229342 _3RU\NLR\auth\661338141 |
|
| 606 | 0 |
_aКапитальное строительство _jУчебные издания для высших учебных заведений _xРиски _xСтрахование _92229342 _3RU\NLR\auth\661338141 |
|
| 686 | _aУ26(2)312я73 | ||
| 700 | 1 |
_aГабрин _bК. Э. _gКонстантин Эдуардович _4070 |
|
| 701 | 1 |
_aВоложанин _bВ. В. _gВладимир Владимирович _4070 |
|
| 701 | 1 |
_aМельчаков _bА. П. _gАнатолий Петрович _4070 |
|
| 801 | 0 |
_aRU _bNLR _c20011025 _gPSBO |
|
| 801 | 1 |
_aRU _bNLR _c20011025 |
|
| 942 | _cBOOK | ||
| 980 | _aNB | ||